000 00486nam a2200145Ia 4500
008 100415s9999 xx 000 0 und d
082 _b7549
_a599(54)
100 _aYLLA
245 _aAnimals In India: 007549 - (OVERSIZED BOOK): - (OVERSIZED BOOK)
260 _aLONDON
_c1958
_bHAMISH HAMILTON
365 _b0
630 _aAnimals In India: 007549 - (OVERSIZED BOOK): - (OVERSIZED BOOK)
730 _aAnimals In India: 007549 - (OVERSIZED BOOK): - (OVERSIZED BOOK)
942 _cBOOK
999 _c590501
_d590498